000 00332nam a22001457a 4500
020 _a0-340-85527-4
082 _a823
_bALM/W
100 _aALMOND, DAVID
245 _aWHERE YOUR WINGS WERE
260 _aBRITAIN
_bHODDER CHILDREN'S BOOKS
_c2002
300 _a56
520 _aENGLISH STORY
650 _aENGLISH STORY
942 _cBK
999 _c5651
_d5651